|
|
|
|
| LEADER |
00968nam a22002651 4500 |
| 001 |
797 |
| 003 |
BD-DhAAL |
| 005 |
20150813121532.0 |
| 008 |
150813s1965 maua b 000 0 eng |
| 010 |
|
|
|a 65012117
|
| 040 |
|
|
|a DLC
|c DLC
|d DLC
|d BD-DhAAL
|
| 050 |
0 |
0 |
|a LB1028.5
|b .T3
|
| 082 |
0 |
0 |
|a 371.3944
|
| 100 |
1 |
|
|a Taber, Julian I.
|9 13724
|
| 245 |
1 |
0 |
|a Learning and programmed instruction
|c [by] Julian I. Taber, Robert Glaser [and] Halmuth H. Schaefer.
|
| 260 |
|
|
|a Reading, Mass.,
|b Addison-Wesley
|c [1965]
|
| 300 |
|
|
|a x, 182 p.
|b illus.
|c 24 cm.
|
| 504 |
|
|
|a Includes bibliographies.
|
| 541 |
|
|
|e 797
|
| 650 |
|
0 |
|a Programmed instruction.
|9 13725
|
| 700 |
1 |
|
|a Glaser, Robert,
|d 1921-2012,
|e joint author.
|9 13726
|
| 700 |
1 |
|
|a Schaefer, Halmuth H.,
|d 1928-
|e joint author.
|9 13727
|
| 942 |
|
|
|2 ddc
|c BK
|
| 999 |
|
|
|c 35219
|d 35219
|
| 952 |
|
|
|0 0
|1 0
|2 ddc
|4 0
|6 371_394400000000000_TAB
|7 0
|9 55216
|a SCL
|b SCL
|c GEN
|d 2015-08-13
|l 0
|o 371.3944 TAB
|p 3020000797
|r 2015-08-13
|t 1
|w 2015-08-13
|y BK
|